The metaphor' is like the owner of a house who takes new and old things out of his storedom' : on metaphor and hermeneutics /
Elmentve itt :
| Szerző: | |
|---|---|
| Dokumentumtípus: | Könyv része |
| Megjelent: |
1992
|
| Sorozat: | Acta Universitatis Szegediensis de Attila József nominatae : papers in english and american studies
4 Papers in English and American studies : Tomus IV. - Literary theory and biblical hermeneutics : proceedings of the International Conference: "Reading Scripture - Literary Criticism and Biblical Hermeneutics", Pannonhalma, 4-6 July, 1991 4 |
| Kulcsszavak: | Hermeneutika - előadáskivonat, Metafora - előadáskivonat |
| Tárgyszavak: | |
| Online Access: | http://acta.bibl.u-szeged.hu/68675 |
| LEADER | 01191naa a2200229 i 4500 | ||
|---|---|---|---|
| 001 | acta68675 | ||
| 005 | 20250124103830.0 | ||
| 008 | 250121s1992 hu o 000 eng d | ||
| 022 | |a 0230-2780 | ||
| 040 | |a SZTE Egyetemi Kiadványok Repozitórium |b hun | ||
| 041 | |a eng | ||
| 100 | 1 | |a Bencze Lóránt | |
| 245 | 1 | 4 | |a The metaphor' is like the owner of a house |h [elektronikus dokumentum] : |b who takes new and old things out of his storedom' : on metaphor and hermeneutics / |c Bencze Lóránt |
| 260 | |c 1992 | ||
| 300 | |a 238-238 | ||
| 490 | 0 | |a Acta Universitatis Szegediensis de Attila József nominatae : papers in english and american studies |v 4 | |
| 490 | 0 | |a Papers in English and American studies : Tomus IV. - Literary theory and biblical hermeneutics : proceedings of the International Conference: "Reading Scripture - Literary Criticism and Biblical Hermeneutics", Pannonhalma, 4-6 July, 1991 |v 4 | |
| 650 | 4 | |a Bölcsészettudományok | |
| 650 | 4 | |a Nyelvek és irodalom | |
| 650 | 4 | |a Filozófia, etika és vallástudományok | |
| 695 | |a Hermeneutika - előadáskivonat, Metafora - előadáskivonat | ||
| 856 | 4 | 0 | |u http://acta.bibl.u-szeged.hu/68675/1/papers_004_238-238.pdf |z Dokumentum-elérés |